书目信息 |
| 题名: |
果品采后技术问答
|
|
| 作者: | 沈元枫 王淑珍 | |
| 分册: | ||
| 出版信息: | 河北省 河北科学技术出版社 1995 |
|
| 页数: | 130 | |
| 开本: | 19cm | |
| 丛书名: | ||
| 单 册: | ||
| 中图分类: | S609 | |
| 科图分类: | ||
| 主题词: | 园艺 | |
| 电子资源: | ||
| ISBN: | 7-5375-1455-0 | |
| 000 | 00601nam0 2200193 450 | |
| 001 | 0741144344 | |
| 005 | 20070817112544.34 | |
| 010 | @a7-5375-1455-0@d¥3.80 | |
| 100 | @a20070817d km y0chiy0120 ea | |
| 101 | 0 | @achi |
| 200 | 1 | @a果品采后技术问答@Aguo pin cai hou ji shu wen da@e果树篇@f沈元枫 王淑珍等@Fshen yuan feng wang shu zhen deng |
| 210 | @a河北省@c河北科学技术出版社@d1995 | |
| 215 | @a130@d19cm | |
| 517 | 1 | @a果树篇@Aguo shu pian |
| 606 | 0 | @a园艺 |
| 690 | @aS609@v3 | |
| 701 | 0 | @a沈元枫 王淑珍@Ashen yuan feng wang shu zhen |
| 801 | 0 | @aCN@bPFT@c20070817 |
| 905 | @a213230@dS609@en3@f1 | |
| 果品采后技术问答:果树篇/沈元枫 王淑珍等.-河北省:河北科学技术出版社,1995 |
| 130;19cm |
| ISBN 7-5375-1455-0:¥3.80 |
| ● |
| 相关链接 |
|
|
|
|
正题名:果品采后技术问答
索取号:S609/n3
 
预约/预借
| 序号 | 登录号 | 条形码 | 馆藏地/架位号 | 状态 | 备注 |
| 1 | 6600651 | 266006519 | 密集书库-生命科学系/ [索取号:S609/n3] | 在馆 |